000 02053cam a2200253Ia 4500
020 _a9789251063880
020 _a9251063885
040 _cBTCTA
082 _a630 TRA 2009 A053 Co.
245 0 0 _aNon-distorting farm support to enhance global food production /
260 _aRome :
_bTrade and Markets Division, Food and Agriculture Organization of the United Nations,
_c2009.
300 _axi, 426 p. :
_bill. ;
_c23 cm.
520 _aThe recent world food crisis highlighted the critical issue of global food security and the need to enhance global agricultural production capacity to meet current and future food demand. Increased investment in agriculture and adequate incentives to farmers are required to meet this global challenge. Developed countries provide support to farmers to increase farm income, reduce income variability, improve competitiveness of the agricultural sector, and provide for safe and quality food. Many farm support policies stimulate domestic production, but also create distortions in world markets, inducing disincentives in developing countries' agricultural production in the long run. These distortions have been the object of considerable debate within the World Trade Organization agreement on agriculture. This book provides a review of farm support in high income countries, and explores options for reshaping such farm support in a non-distortionary manner. It also addresses the responses needed in developing countries to ensure a long term and sustained faster growth in their agricultural sectors, enhanced food production, rising rural incomes, and lower poverty.--Publisher's description.
650 0 _aAgricultural credit
650 0 _aAgricultural subsidies.
650 0 _aAgriculture and state
650 0 _aAgriculture and state
650 0 _aAgriculture and state
700 1 _aElbehri, Aziz.
700 1 _aSarris, Alexander.
710 2 _aFood and Agriculture Organization of the United Nations.
856 1 1 _uftp://ftp.fao.org/docrep/fao/012/i1098e/i1098e00.pdf
942 _cEK
999 _c14957
_d14957